书目信息 |
| 题名: |
光纤理论
|
|
| 作者: | 叶培大 著 | |
| 分册: | ||
| 出版信息: | 上海 知识出版社 1985 |
|
| 页数: | 254页 | |
| 开本: | 20cm | |
| 丛书名: | 多学科学术讲座丛书 | |
| 单 册: | ||
| 中图分类: | TN25 , TN929.1 | |
| 科图分类: | ||
| 主题词: | 光导纤维 , 光通信 , 激光通信 | |
| 电子资源: | ||
| ISBN: | ||
| 000 | 00757nam2 2200301 45 | |
| 001 | 0185020785 | |
| 005 | 20040517093359.7 | |
| 010 | @dCNY1.90 | |
| 091 | @a13214.1023 | |
| 100 | @a19900921d1985 em y0chiy0121 ea | |
| 101 | 0 | @achi |
| 102 | @aCN@b310000 | |
| 105 | @ay z 000yy | |
| 106 | @ar | |
| 200 | 10 | @a光纤理论@Aguang qian li lun@f叶培大著 |
| 210 | @a上海@c知识出版社@d1985 | |
| 215 | @a254页@d20cm | |
| 225 | 2 | @a多学科学术讲座丛书@v4 |
| 410 | 0 | @120010@a多学科学术讲座丛书 |
| 606 | @a光导纤维 | |
| 606 | 0 | @a光通信 |
| 606 | 0 | @a激光通信 |
| 690 | @aTN25@v3 | |
| 690 | @aTN929.1 | |
| 701 | 0 | @a叶培大@Aye pei da@4著 |
| 801 | 0 | @aCN@b深圳图书馆@c20040517 |
| 801 | 2 | @aCN@bNLC@c20040517 |
| 905 | @f2@b142592-593@dTN929.1@e11 | |
| 光纤理论/叶培大著.-上海:知识出版社,1985 |
| 254页;20cm.-(多学科学术讲座丛书;4) |
| ISBN :CNY1.90 |
| ● |
| 相关链接 |
|
|
|
|
正题名:光纤理论
索取号:TN929.1/11
 
预约/预借
| 序号 | 登录号 | 条形码 | 馆藏地/架位号 | 状态 | 备注 |
| 1 | 0142592 | 001324258 | 第三借阅区/ [索取号:TN929.1/11] | 在馆 | |
| 2 | 0142593 | 001324212 | 第三借阅区/ [索取号:TN929.1/11] | 在馆 | |
| 3 | 0142594 | 001324178 | 第二样本阅览室/ [索取号:TN929.1/11] | 在馆 |